000 00722nam a22002537a 4500
001 0033802
003 KOHA_MİRAKIL
005 20260207002902.0
007 ta
008 111123b1986 tu |||gr||||#||||0|tur |
040 _aTR-BiSEU
_btur
_cTR-BiSEU
_erda
041 0 _atur
044 _ctu
050 _aBF173
_b.B35 1986
100 1 _aBalogh, Penelope.
245 1 _aFreud üzerine/
_cPenelope Balogh ; Penelope Balogh ; çev. M. Sağman Kayatekin.
264 1 _aAnkara :
_bVYayınları
_c1986
300 _a153 s. ;
_c20 cm.
336 _ametin
_btxt
_2rdacontent
337 _aaracısız
_bn
_2rdamedia
338 _acilt
_bnc
_2rdacarrier
650 0 _aFreud, Sigmund, 1856-1939.
_923253
942 _2lcc
_cBK
999 _c33802
_d33802